Populační problém rozvojových zemí
Vývoj svetovej populácie v rozvojových a vyspelých krajinách. Migrácia obyvateľstva z vidieka do miest. Medzinárodná migrácia. Riešenie populačného problému. Akčný program medzinárodnej konferencie o populácii a rozvoji v r. 1994- ICPD.
Gespeichert in:
| 1. Verfasser: | |
|---|---|
| Format: | Buchkapitel |
| Sprache: | Tschechisch |
| Schlagworte: | |
| Tags: |
Keine Tags, Fügen Sie das erste Tag hinzu!
|
MARC
| LEADER | 00000naa a2200000 4500 | ||
|---|---|---|---|
| 001 | r023099 | ||
| 005 | 20230922110124.9 | ||
| 041 | 0 | |a cze | |
| 044 | |a CZ | ||
| 245 | 1 | 0 | |a Populační problém rozvojových zemí |c Vladimír Jeníček |
| 520 | |a Vývoj svetovej populácie v rozvojových a vyspelých krajinách. Migrácia obyvateľstva z vidieka do miest. Medzinárodná migrácia. Riešenie populačného problému. Akčný program medzinárodnej konferencie o populácii a rozvoji v r. 1994- ICPD. | ||
| 610 | 2 | 0 | |a vývoj populačný |
| 610 | 2 | 0 | |a svet |
| 610 | 2 | 0 | |a krajiny rozvojové |
| 610 | 2 | 0 | |a migrácia |
| 610 | 2 | 0 | |a vidiek |
| 610 | 2 | 0 | |a mestá |
| 610 | 2 | 0 | |a rodina |
| 610 | 2 | 0 | |a postavenie žien |
| 610 | 2 | 0 | |a muži |
| 610 | 2 | 0 | |a deti |
| 610 | 2 | 0 | |a prírastok obyvateľstva |
| 100 | 1 | |a Jeníček, Vladimír | |